Suomalaisurheilua K-kirjaimella - Statistics

Yleistilastot
  • Tätä visaa on pelattu 33 kertaa
  • Keskiarvotulos 7 / 14
Vastaustilastot
Vihje Vastaus % Oikein
Juoksi Suomen maailmankartalle Hannes Kolehmainen
83%
Kultaa kolmissa kisoissa peräkkäin Pertti Karppinen
75%
Stanley Cupin finaalissa 1993 Jari Kurri
67%
Kolme Suurajo-voittoa kolmella eri automerkillä Juha Kankkunen
67%
Pikkujättiläinen saavutti mm. olympiahopean ja ME:n Jorma Kinnunen
54%
Göteborgissa 2006 yllätysmestaruus Jukka Keskisalo
54%
Havaijilta eduskuntaan Pauli Kiuru
54%
Arvokisavoittaja 1989, juossut 5 000m alle 14 minuutin Harri Kirvesniemi
42%
Pikkupoikien sankari 60-luvulla. Olympiakulta ja -hopea Veikko Kankkonen
42%
Kulta-Kalle Kaarlo Kangasniemi
38%
Vezina-trophyn voittaja Miikka Kiprusoff
38%
Teipatulla reidellä olympiakultaa Tapio Korjus
38%
Kultaiset askeleet Ruotsin maalla 1995 Valentin Kononen
38%
70-luvun komea tähti, ratkaisi 1978 mestaruuden Veli-Pekka Ketola
33%
Ehtoja vastaavia visoja ei löytynyt
Tulosjakauma
Jokaisen tuloksen saaneiden osuus
Persentiili vastausten määrän mukaan
Tuloshistoriasi
Et ole pelannut tätä visaa